000 01093nam a2200181Ia 4500
008 220216s9999 xx 000 0 und d
100 _aSuhardi Edi
245 0 _aPlantations developement in Indonesia:Strategies and prospects
260 _bThe Planter
_c2012
300 _a721- 726
520 _aCueentlt Indonesia has about 8.9 million hectares of land under oil palm and in 2011 the total production of palm oil was over 22 million tonnes. The growing demand for palm oil both for food and fuel and the need to enhance income of rural people the growth of area under oil palm in Indonesia will continue. The potential for expansion exists especially in three islands namely Kalimantan, Sulawesi and Papua. In these three locations the total prospects for expansion in area range from a low of about 2.6 million hectares to a high of over 16.9 million hectares. However there are some obstacles. These and possible solutions are discussed.
650 _aArea
650 _aIndonesia
650 _aPalm oil
650 _aPotential for expansion
650 _aProduction
942 _cJS
999 _c65135
_d65135